00856cam a2200265 450000100060000001000150000600500170002102100180003809000100005610000410006610100080010710200070011510500180012210600060014093000100014667500160015670000410017270200340021320001150024721000410036221500240040399000110042799500850043899500670052328291 a972241232920220405165302.0 aPTb185214/02 a28291 a20070904d2002 c y0pory5003 ba0 apor aPT aa z 000yy ar lBECRE a087.592104 1aSoares,bLuísa Ducla,f1939-92431 1aLeitão,bPedro,f1965-44401 aGente giraea menina verde, o homem das barbas, o senhor pouca sortefLuísa Ducla Soaresgil. Pedro Leitão aLisboacLivros Horizonte,dimp. 2002 a[26] p.cil.d29 cm cLIVROS 0010938966bBECEVIAdBECEVIAf884BVk087.5 SOAo0rLIVROSaBECEVIAcBECEVIAq18 0010949253bBECEVIAdBECEVIAf2116 BVk087.5 SOAo0rLIVROSs